¿Las relaciones de género condicionan los efectos de la contaminación ambiental?: reflexiones para el caso de El Salvador /
En el presente documento se analiza la contaminación ambiental del agua y el aire, los desechos sólidos y peligrosos en El Salvador estableciendo un marco legal, causas, efectos y consecuencias de la contaminación diferenciadas según el sexo, tanto en hombres como en mujeres.
Furkejuvvon:
| Váldodahkki: | |
|---|---|
| Eará dahkkit: | |
| Materiálatiipa: | Texto |
| Fáttát: | |
| Fáddágilkorat: |
Lasit fáddágilkoriid
Eai fáddágilkorat, Lasit vuosttaš fáddágilkora!
|
MARC
| LEADER | 00000 a a2200000 04500 | ||
|---|---|---|---|
| 001 | 40703 | ||
| 003 | |||
| 040 | |||
| 100 | |a Rovira, María Dolores | ||
| 245 | |a ¿Las relaciones de género condicionan los efectos de la contaminación ambiental?: |b reflexiones para el caso de El Salvador / |c María Dolores Rovira ; Marta E. Escoto de Tejada | ||
| 500 | |a mrovira@ing.uca.edu.sv |a mescoto@ing.uca.edu.sv | ||
| 520 | |a En el presente documento se analiza la contaminación ambiental del agua y el aire, los desechos sólidos y peligrosos en El Salvador estableciendo un marco legal, causas, efectos y consecuencias de la contaminación diferenciadas según el sexo, tanto en hombres como en mujeres. | ||
| 590 | |a SJB/JUNIO2012 | ||
| 650 | |a 1.GENERO | ||
| 650 | |a 2.GESTION AMBIENTAL | ||
| 650 | |a 3.CONTAMINACION | ||
| 650 | |a 4.ENFERMEDADES | ||
| 650 | |a 5.RELACIONES DE GENERO | ||
| 650 | |a 6.SALUD PUBLICA | ||
| 650 | |a 7.EL SALVADOR | ||
| 700 | |a Escoto de Tejada, Marta E. | ||
| 773 | |g volumen64, número720 ( , 2009), páginas 221-239 | ||
| 999 | |c 37787 |d 37787 | ||
